Library of the University of Algiers 3
Ibrahim Sultan Cheibout
شعار جامعة الجزائر 3
مكتبة جامعة الجزائر 3
إبراهيم سلطان شيبوط

الأسواق المالية / (رقم التسجيلة. 46317)

تفاصيل مارك
000 -LEADER
fixed length control field 01084nam a2200229Ia 4500
003 - CONTROL NUMBER IDENTIFIER
control field Ost
005 - DATE AND TIME OF LATEST TRANSACTION
control field 20260507075803.0
008 - FIXED-LENGTH DATA ELEMENTS--GENERAL INFORMATION
fixed length control field 260507s9999||||xx |||||||||||||| ||und||
020 ## - INTERNATIONAL STANDARD BOOK NUMBER
International Standard Book Number 9789776274044
040 ## - CATALOGING SOURCE
Transcribing agency fsecg
041 ## - LANGUAGE CODE
Language code of text/sound track or separate title ara
082 ## - DEWEY DECIMAL CLASSIFICATION NUMBER
Classification number 332.642
100 ## - MAIN ENTRY--PERSONAL NAME
Personal name رمضان، زياد
Relator term مؤلف
245 #0 - TITLE STATEMENT
Title الأسواق المالية /
Statement of responsibility, etc. زياد رمضان
260 ## - PUBLICATION, DISTRIBUTION, ETC.
Place of publication, distribution, etc. القاهرة :
Name of publisher, distributor, etc. الشركة العربية المتحدة للتسويق والتوريدات,
Date of publication, distribution, etc. 2008
300 ## - PHYSICAL DESCRIPTION
Extent 274 صفحة؛
Other physical details إيضاحات ؛
Dimensions 23 سم
520 ## - SUMMARY, ETC.
Summary, etc. يضم نظرة شاملة للأسواق، الأسواق النقدية، أسواق رأس المال، التعامل في أسواق رأس المال والمتعاملون فيها، لمحة مختصرة عن مؤشرات أسواق الأوراق المالية، كفاءة الأسواق المالية، لمحة عن تقييم الأسهم والسندات.
653 ## - INDEX TERM--UNCONTROLLED
Uncontrolled term الأسهم
653 ## - INDEX TERM--UNCONTROLLED
Uncontrolled term البورصات
700 ## - ADDED ENTRY--PERSONAL NAME
Personal name شموط، مروان
Relator term مؤلف ثانوي
942 ## - ADDED ENTRY ELEMENTS (KOHA)
Koha item type كتب
المقتنيات
Withdrawn status Lost status Source of classification or shelving scheme Damaged status Not for loan Home library Current library Date acquired Serial enumeration / chronology Inventory number Total checkouts Full call number Barcode Date last seen Price effective from Koha item type
    Library of Congress Classification   NOT LOAN / إعارة داخلية مكتبة كلية العلوم الإقتصادية والعلوم التجارية وعلوم التسيير مكتبة كلية العلوم الإقتصادية والعلوم التجارية وعلوم التسيير 07/05/2026 الطابق الأرضي 025.21/579   518/025.21ن01 025.21/579 07/05/2026 07/05/2026 كتب

موارد الويب المفتوحة


© University of Algiers 3 All Rights Reserved
|
Implemented by LECHELAH Riad